| 000 | 00912nam a2200229 a 4500 | ||
|---|---|---|---|
| 001 | 000048411 | ||
| 003 | DO-SdBNP | ||
| 005 | 20250703140001.0 | ||
| 008 | 181217s2018 dr d r 000 0 spa d | ||
| 020 | _a9789945468595 | ||
| 040 |
_aDO-SdBNP _bspa _cBNPHU |
||
| 082 |
_a378.0021 _bR426i, 2017 |
||
| 110 | 1 |
_aRepública Dominicana : _bMinisterio de Educación Superior Ciencia y Tecnología _956809 |
|
| 245 | 1 | 0 |
_aInforme general sobre estadísticas de educación superior 2017 y resumen histórico 2005-2017 / _cpresentación Ligia Amada Melo de Cardona. |
| 260 |
_aSanto Domingo : _bMESCyT, _c2018. |
||
| 300 |
_a262 p. : _bdiagr.. ; _c28 cm. |
||
| 590 | _aInventariado, 2019/YL | ||
| 650 | 4 |
_aEducación _xEstadísticas _zRepública Dominicana _y1998-1999 _937161 |
|
| 650 | 4 |
_aEducación y estado _zRepública Dominicana _910500 |
|
| 700 | 1 |
_aMelo Cardona, Ligia Amada de, _epres. _972971 |
|
| 942 |
_2ddc _cLBS1 |
||
| 999 |
_c47899 _d47899 |
||